| 000 | 003390000a22001450004500 | ||
|---|---|---|---|
| 003 | MACL | ||
| 040 | _aMACL | ||
| 090 |
_c2926 _d2926 |
||
| 100 | _aGupta, M.G. | ||
| 245 |
_aThe Quintessential Descourse Radhaxoami _bSar Bachan Radhasoami Prose |
||
| 260 |
_bMG Publishers _c2001 |
||
| 350 | _a1000 | ||
| 650 | _aReligion | ||
| 942 |
_cBOOK _k294 |
||
| 999 |
_c2905 _d2905 |
||